LEADER 01890nam a2200397 a 4500 001 000000038985 003 CaOOAMICUS 005 20130715133105.0 008 980430q1972 it u000 u ita r 035 $a10793113 040 $aPUL(R)$bita 082 04$a323.4 100 1 $aPerlingieri, Pietro,$d1937-$0(OLS)http://pul/name/29045 245 13$aLa personalità umana nell'ordinamento giuridico /$cPietro Perlingieri. 260 $aNapoli :$bJovene,$c[1972?] 300 $a551 p. ;$c25 cm 490 1 $aUniversità degli studi di Camerino. Scuola di perfezionamento in diritto civile ;$v03 500 $aData desunta dalla prefazione. 500 $aSulla cop.: "Lezioni raccolte di Pietro Perlingieri". 500 $aContiene indici. 504 $aBibliografia: p. 513-521. 650 4$aDiritto civile$zItalia.$0(OLS)http://pul/subject/3770 650 4$aDiritti della persona.$0(OLS)http://pul/subject/6957 830 0$aPubblicazioni della Scuola di perfezionamento in diritto civile dell'Università di Camerino ;$v3.$0(OLS)http://pul/title/10217 850 $aPUL 852 $aPUL$W1$xSL Diritto e Scienze Sociali 1$y4$m172 C 48$j53040$nBK-PRI$b $qStampati$B53040$CPULBib$Z2$F53040 $81 852 $aPUL$W1$xDP1 Fondo Ciprotti$y59$m1540 D 47$j53041$nBK-PRI$b $qFondi$B53041$CPULBib$Z2$F53041 $H $81 852 $aPUL$W1$xSL Diritto e Scienze Sociali 3$y79$m323. 4 PERPI 1$j155292$a3. copia, 2. rist. inalterata del 1982$qDDC 21$B154830$CPULBib$Z2$F154830 $H122739 $82 941 1 $a8 941 1 $a1 941 1 $a9 961 $aINV: F. Ciprotti 996 $6082$a323.4$9(OLS)http://pul/classification/442 996 $6245$aLa personalità umana nell'ordinamento giuridico$9(OLS)http://pul/title/52823 996 $6260$aNapoli :$bJovene$9(OLS)http://pul/publisher/47845 LEADER 01445nam a2200301 u 4500 001 000000112429 003 CaOOAMICUS 005 20080708150618.0 008 080708s2008 it u000 u ita u 020 $z978-88-10-45005-5* 040 $aPUL$bita$dLDB 100 1 $aCastellucci, Erio,$cvescovo di Carpi,$d1960-$0(OLS)http://pul/name/54127 245 10$aAnnunciare Cristo alle genti :$bla missione dei cristiani nell'orizzonte del dialogo tra le religioni /$cErio Castellucci. 260 $aBologna :$bEDB,$c2008. 300 $a193 p. ;$c24 cm. 490 1 $aBiblioteca di Teologia dell'Evangelizzazione ;$v05 504 $aBibliografia : p. 175-190. 650 14$aCristianesimo e altre religioni.$0(OLS)http://pul/subject/268 650 14$aEvangelizzazione.$0(OLS)http://pul/subject/1355 700 1 $aSimone, Michele,$cS.I.,$b1943-2014.$0(OLS)http://pul/name/69300 830 0$aBiblioteca di Teologia dell'Evangelizzazione ;$v05.$0(OLS)http://pul/title/115988 850 $aPUL 852 $aPUL$W1$xSL Religione 3$y85$m269 CASER 1$j128638$qDDC 21$B127577$CPULBib$Z2$F127577 $H107803 $82 941 1 $a9 983 0$aBTE. 996 $6020$z978-88-10-45005-5*$9(OLS)http://pul/number/138338 996 $6245$aAnnunciare Cristo alle genti :$bla missione dei cristiani nell'orizzonte del dialogo tra le religioni$9(OLS)http://pul/title/141297 996 $6260$aBologna :$bEDB$9(OLS)http://pul/publisher/56073